000 00769nam a2200217Ia 4500
008 191130s1992##################000#0#eng##
020 _a9781852781965
022 _a91034396
040 _aACL
_cACL
082 _a338.9 LAL.4
245 _aDevelopment economics
_cedited by Deepak Lal
260 _aAldershot, Hants, England ; Brookfield, Vt., USA : Brookfield, Vt., USA
_bDistributed in the U.S. by Ashgate Pub. Co., E. Elgar Pub
_c1992
300 _a4 v. : ill. ; 26 cm
500 _aIncludes bibliographical references and indexes
650 _aDevelopment economics
650 _aEconomic development
700 _aLal, Deepak
990 _a7fdbf171ac10000c11048847f26d27fd
991 _a193109
999 _c254545
_d254545